Normal view
MARC view
Entry Geographic Name
001 - CONTROL NUMBER
- control field: 856236
003 - CONTROL NUMBER IDENTIFIER
- control field:
005 - DATE AND TIME OF LATEST TRANSACTION
- control field: 20210627084103.0
008 - FIXED-LENGTH DATA ELEMENTS
- fixed length control field: 210627|| aca||aabn | a|a d
040 ## - CATALOGING SOURCE
- Original cataloging agency:
- Transcribing agency:
151 ## - HEADING--GEOGRAPHIC NAME
- Geographic name: Europe
- General subdivision: Languages
- General subdivision: History
670 ## - SOURCE DATA FOUND
- Source citation: Work cat.: ()739254: Harald, Haarmann, 856235, Soziologie und Politik der Sprachen Europas /, 1975
